000 00845nam a2200253Ia 4500
003 OSt
005 20220923225345.0
006 a|||||r|||| 00| 0
007 ta
008 220922b |||||||| |||| 00| 0 hin d
024 _a264,005
037 _cTextual
040 _aARTS
_cARTS
_bhin
041 _2hin
_ahin
082 _aO152,1M89:g, N0
100 _aक्रान्ति कुमारी
245 0 _aप्रसाद के नाटकीय गीत
246 _aPrasād ke nāṭakīya gīta
260 _aनागपुर
_b विश्वभारती प्रकाशन
_c1990
300 _a286पृ.
_ccm.
650 _aहिन्दी साहित्य
_9156264
942 _hO152,1M89:g, N0
_cTEXL
_2CC
999 _c377741
_d377741